World food problem (Record no. 164837)
[ view plain ]
| 000 -LEADER | |
|---|---|
| fixed length control field | 00683nam a2200229Ia 4500 |
| 003 - CONTROL NUMBER IDENTIFIER | |
| control field | OSt |
| 005 - DATE AND TIME OF LATEST TRANSACTION | |
| control field | 20251105191728.0 |
| 008 - FIXED-LENGTH DATA ELEMENTS--GENERAL INFORMATION | |
| fixed length control field | 210423s2011 xx 000 0 und d |
| 020 ## - INTERNATIONAL STANDARD BOOK NUMBER | |
| International Standard Book Number | 9788130915319 |
| 040 ## - CATALOGING SOURCE | |
| Transcribing agency | AL |
| 041 ## - LANGUAGE CODE | |
| Language code of text/sound track or separate title | English |
| 082 ## - DEWEY DECIMAL CLASSIFICATION NUMBER | |
| Classification number | 362.19639 |
| Item number | LEAW |
| 100 ## - MAIN ENTRY--PERSONAL NAME | |
| Personal name | Howard D Leathers |
| 9 (RLIN) | 105380 |
| 245 ## - TITLE STATEMENT | |
| Title | World food problem |
| Remainder of title | : toward ending undernutrition in the third world |
| 250 ## - EDITION STATEMENT | |
| Edition statement | 4 |
| 260 ## - PUBLICATION, DISTRIBUTION, ETC. | |
| Place of publication, distribution, etc. | New Delhi |
| Name of publisher, distributor, etc. | Viva Books Pvt Ltd |
| Date of publication, distribution, etc. | 2011 |
| 300 ## - PHYSICAL DESCRIPTION | |
| Extent | xxi,460p. |
| Other physical details | PB |
| Dimensions | 22.5x15cm. |
| 365 ## - TRADE PRICE | |
| Price amount | 695 |
| Currency code | INR |
| 700 ## - ADDED ENTRY--PERSONAL NAME | |
| Personal name | Foster, Phillips |
| 9 (RLIN) | 244166 |
| 906 ## - LOCAL DATA ELEMENT F, LDF (RLIN) | |
| a | ending ; food ; problem: ; third ; toward ; undernutrition ; World ; world. |
| 942 ## - ADDED ENTRY ELEMENTS (KOHA) | |
| Source of classification or shelving scheme | Dewey Decimal Classification |
| Koha item type | Book |
| Withdrawn status | Lost status | Source of classification or shelving scheme | Damaged status | Not for loan | Collection code | Home library | Current library | Date acquired | Source of acquisition | Cost, normal purchase price | Total Checkouts | Full call number | Barcode | Date last seen | Price effective from | Koha item type |
|---|---|---|---|---|---|---|---|---|---|---|---|---|---|---|---|---|
| Dewey Decimal Classification | Food Science and Technology | St Aloysius PG Library | St Aloysius PG Library | 07/04/2013 | Viva Books | 695.00 | 362.19639 LEAW | PG011335 | 08/24/2022 | 04/26/2021 | Book |